| 000 | 00760nam a22002537a 4500 | ||
|---|---|---|---|
| 005 | 20170123162303.0 | ||
| 010 | _aB-058141 | ||
| 020 | _c300.00 | ||
| 035 | _aB-058141 | ||
| 037 | _bCen Lib/Ret | ||
| 040 |
_aDPL _bUR |
||
| 082 |
_a841 _bم ی ر |
||
| 100 |
_aمیر تقی میر _9356 |
||
| 245 |
_aدیوان میر / _cمیر تقی میر |
||
| 246 |
_bDeewane meer / _aby Meer Taqi Meer |
||
| 260 |
_aپونہ _bآسباق پبلکشانس _c2001 |
||
| 270 |
_bپونہ _aایسٹ سٹریٹ |
||
| 300 |
_a294p. _c20cm(Hb) |
||
| 650 |
_aاردو ادب _9107761 |
||
| 650 |
_aاردو شیعاری _9107762 |
||
| 650 |
_aUrdu literature _9107763 |
||
| 650 |
_aUrdu poetry _9107764 |
||
| 942 |
_2ddc _cUR _h841 _mم ی ر |
||
| 999 |
_c106092 _d106092 |
||